| 000 | 00385 a2200169 4500 | ||
|---|---|---|---|
| 001 | 69170 | ||
| 020 | _a8573193506 | ||
| 040 | _cAnchieta - Itaigara | ||
| 100 | _aBarreto, Lima | ||
| 240 | 1 | 0 |
_aO homem que sabia javanês _lpor |
| 245 | 1 | 0 | _aO homem que sabia javanês |
| 300 | _a32 | ||
| 362 | 0 | _a2005 | |
| 440 | 1 | _aDimensão | |
| 650 | 4 | _aLiteratura infanto-juvenil | |
| 942 | _cBK | ||
| 999 |
_c69170 _d69170 |
||